Państwa Afryki - ciemna wersja - Statystyki

Ogólne statystyki
  • Ten quiz został rozwiązany 85 razy
  • Średni wynik to 44 z 54
Odpowiedzi na mapie
Odpowiedzi zakodowano w zielono-czerwonej skali na mapie do tego quizu, zgodnie z poniższymi procentami.
 
Statystyki odpowiedzi
Kraj % Poprawnych
Egipt
93%
Tunezja
93%
Madagaskar
92%
Maroko
92%
Niger
91%
Republika Południowej Afryki
91%
Algieria
89%
Demokratyczna Republika Konga
89%
Libia
89%
Nigeria
89%
Angola
88%
Etiopia
88%
Kongo
88%
Somalia
87%
Zimbabwe
87%
Gwinea
85%
Wybrzeże Kości Słoniowej
85%
Czad
84%
Mali
84%
Sudan
84%
Zambia
84%
Gambia
83%
Gwinea Równikowa
83%
Kenia
83%
Lesotho
83%
Senegal
83%
Uganda
83%
Namibia
81%
Republika Środkowoafrykańska
81%
Republika Zielonego Przylądka
81%
Ghana
80%
Gwinea Bissau
80%
Mauretania
80%
Mozambik
80%
Sudan Południowy
80%
Tanzania
80%
Botswana
79%
Kamerun
77%
Liberia
77%
Erytrea
76%
Gabon
76%
Rwanda
76%
Seszele
76%
Togo
76%
Komory
75%
Dżibuti
73%
Eswatini
73%
Mauritius
73%
Sierra Leone
73%
Benin
71%
Burkina Faso
71%
Malawi
71%
Wyspy Świętego Tomasza i Książeca
71%
Burundi
65%
Nie znaleziono quizów pasujących do podanych kryteriów
Rozkład punktacji
Procent ludzi z każdym wynikiem
Percentyl według liczby udzielonych odpowiedzi
Twoja historia wyników
Nie rozwiązałeś tego quizu